| 000 | 00000nas 2200000za 4500 |
| 001 | 9.503338 |
| 003 | CaOODSP |
| 005 | 20221107133243 |
| 007 | cr ||||||||||| |
| 008 | 150406d20072015oncar p o f0 |0fre|d |
| 040 | |aCaOODSP|bfre |
| 043 | |an-cn--- |
| 086 | 1 |aEn81-6/1F-PDF |
| 245 | 00|aProgramme de déclaration des émissions de gaz à effet de serre par les installations |h[ressource électronique] : |baperçu des émissions déclarées pour ... |
| 260 | |a[Gatineau, Québec] : |bEnvironnement Canada, |c[2008]-2014. |
| 310 | |aAnnuel |
| 362 | 1 |a2007-2013. |
| 500 | |aPubl. aussi en anglais sous le titre : Facility Greenhouse Gas Emissions Reporting Program : overview of reported ... emissions. |
| 692 | 07|2gccst|aGaz à effet de serre |
| 710 | 1 |aCanada.|bEnvironnement Canada. |bDivision des gaz à effet de serre. |
| 775 | 08|tFacility Greenhouse Gas Emissions Reporting Program |w(CaOODSP)9.506943 |
| 785 | 00|tAperçu des émissions déclarées pour ... |w(CaOODSP)9.816377 |